header

Microsoft exchange server 2013 PowerShell cookbook (Record no. 16084)

MARC details
000 -LEADER
fixed length control field 01642nam a2200361 a 4500
100 1# - MAIN ENTRY--AUTHOR NAME
Personal name Andersson, Jonas.
245 10 - TITLE STATEMENT
Title Microsoft exchange server 2013 PowerShell cookbook
250 ## - EDITION STATEMENT
Edition statement 2nd ed.
260 ## - PUBLICATION, DISTRIBUTION, ETC. (IMPRINT)
Place of publication Birmingham :
Name of publisher Packt Pub.,
Year of publication 2013.
300 ## - PHYSICAL DESCRIPTION
Number of Pages v, 486 p. :
Other physical details ill. (chiefly col.)
500 ## - GENERAL NOTE
General note "Quick answers to common problems"--Cover.
General note Includes index.
650 #0 - SUBJECT ADDED ENTRY--TOPICAL TERM
Topical Term Operating systems (Computers)
Topical Term Scripting languages (Computer science)
Topical Term Systems programming (Computer science)
700 1# - ADDED ENTRY--PERSONAL NAME
Personal name Pfeiffer, Mike.
856 40 - ELECTRONIC LOCATION AND ACCESS
Uniform Resource Identifier http://site.ebrary.com/lib/rucke/Doc?id=10714626

No items available.

© 2026 Rongo University
Contact us: librarian | system librarian | Rongo university